000
00283nam a22001337a 4500
008
170912b xxu||||| |||| 00| 0 eng d
020
_a
9780321035714
041
_a
eng
080
_2
3 ED
_a
53
100
_a
43
101
_a
FIZ
245
_a
PHYSICS
_c
WOLFSON.R
942
_2
udc
_c
BK
999
_c
27392
_d
27392